Normal view
MARC view
- عشتار- الهة اشورية بابلبة، الاساطير الاشورية البابلية-الشعر الاشوري- البابلي
Entry Topical Term
001 - CONTROL NUMBER
- control field: 34806
003 - CONTROL NUMBER IDENTIFIER
- control field: JO-AjAnu
005 - DATE AND TIME OF LATEST TRANSACTION
- control field: 20230606075827.0
008 - FIXED-LENGTH DATA ELEMENTS
- fixed length control field: 230606|| aca||aabn | a|a d
040 ## - CATALOGING SOURCE
- Original cataloging agency: JO-AjAnu
- Transcribing agency: JO-AjAnu
150 ## - HEADING--TOPICAL TERM
- Topical term or geographic name entry element: عشتار- الهة اشورية بابلبة، الاساطير الاشورية البابلية-الشعر الاشوري- البابلي
670 ## - SOURCE DATA FOUND
- Source citation: Work cat.: (JO-AjAnu)17875: علي، فاضل عبدالواحد, author 34805, عشتار ومأساة تموز